Basic electrical engineering (Record no. 7166)

000 -LEADER
fixed length control field 00658nam a2200217 4500
001 - CONTROL NUMBER
control field 7166
003 - CONTROL NUMBER IDENTIFIER
control field BD-DhUET
008 - FIXED-LENGTH DATA ELEMENTS--GENERAL INFORMATION
fixed length control field 740521s1975 nyua 001 0 eng
020 ## - INTERNATIONAL STANDARD BOOK NUMBER
International Standard Book Number 0070211523
040 ## - CATALOGING SOURCE
Original cataloging agency DLC
Transcribing agency DLC
Modifying agency BD-DhUET
082 00 - DEWEY DECIMAL CLASSIFICATION NUMBER
Classification number 623
Item number FIT/1975
100 1# - MAIN ENTRY--PERSONAL NAME
Personal name Fitzgerald, A. E.
245 10 - TITLE STATEMENT
Title Basic electrical engineering
Remainder of title circuits,electronics,machines,control
Statement of responsibility, etc. by A. E. Fitzgerald, David E. Higginbotham and Arvin Grabel
250 ## - EDITION STATEMENT
Edition statement 4th ed.
260 ## - PUBLICATION, DISTRIBUTION, ETC. (IMPRINT)
Place of publication, distribution, etc. New York
Name of publisher, distributor, etc. McGraw-Hill
Date of publication, distribution, etc. 1975
300 ## - PHYSICAL DESCRIPTION
Extent xiv, 817 p.
Other physical details illus.
Dimensions 24 cm.
650 #0 - SUBJECT ADDED ENTRY--TOPICAL TERM
Topical term or geographic name as entry element Electricity : Engineering
700 ## - ADDED ENTRY--PERSONAL NAME
Personal name Higginbotham, David E.
700 ## - ADDED ENTRY--PERSONAL NAME
Personal name Grabel, Arvin
942 ## - ADDED ENTRY ELEMENTS (KOHA)
Koha item type General Book
Holdings
Damaged status Koha date last seen Source of classification or shelving scheme Not for loan Lost status Price effective from Copy number Date acquired Koha item type Piece designation (barcode) Shelving location Koha normalized classification for sorting Location (home branch) Koha full call number Withdrawn status Koha date last borrowed Sublocation or collection (holding branch) Koha issues (times borrowed)
 2018-08-04   2014-12-0712014-12-07General Book65364Circulation section623PIT1975Central Library, BUET623/PIT/1975 2018-07-21Central Library, BUET1
 2015-03-12   2015-03-1222015-03-12General Book43309Circulation section623_000000000000000_PIT_1975Central Library, BUET623/PIT/1975  Central Library, BUET 
 2015-03-12   2015-03-1232015-03-12General Book43314Circulation section623_000000000000000_PIT_1975Central Library, BUET623/PIT/1975  Central Library, BUET 
 2015-03-12   2015-03-1242015-03-12General Book43676Circulation section623_000000000000000_PIT_1975Central Library, BUET623/PIT/1975  Central Library, BUET 
 2015-03-12   2015-03-1252015-03-12General Book42843Circulation section623_000000000000000_PIT_1975Central Library, BUET623/PIT/1975  Central Library, BUET 
 2015-04-16   2015-04-1662015-04-16General Book43308Circulation section623_000000000000000_FIT_1975Central Library, BUET623/FIT/1975  Central Library, BUET 
 2015-04-18   2015-04-1872015-04-18General Book43316Circulation section623_000000000000000_FIT_1975Central Library, BUET623/FIT/1975  Central Library, BUET 
 2015-04-21   2015-04-2182015-04-21General Book43310Circulation section623_000000000000000_FIT_1975Central Library, BUET623/FIT/1975  Central Library, BUET 
 2015-04-21   2015-04-2192015-04-21General Book43677Circulation section623_000000000000000_FIT_1975Central Library, BUET623/FIT/1975  Central Library, BUET 
 2015-04-21   2015-04-21102015-04-21General Book43313Circulation section623_000000000000000_FIT_1975Central Library, BUET623/FIT/1975  Central Library, BUET 
 2015-04-21   2015-04-21112015-04-21General Book43307Circulation section623_000000000000000_FIT_1975Central Library, BUET623/FIT/1975  Central Library, BUET 
 2015-04-21   2015-04-21122015-04-21General Book51101Circulation section623_000000000000000_FIT_1975Central Library, BUET623/FIT/1975  Central Library, BUET 
 2015-06-28   2015-06-28132015-06-28Reading Item42841Reading section623_000000000000000_FIT_1975Central Library, BUET623/FIT/1975  Central Library, BUET 
 2015-06-28   2015-06-28142015-06-28Reading Item42840Reading section623_000000000000000_FIT_1975Central Library, BUET623/FIT/1975  Central Library, BUET 
 2015-06-28   2015-06-28152015-06-28Reading Item43679Reading section623_000000000000000_FIT_1975Central Library, BUET623/FIT/1975  Central Library, BUET